Statistics for Cobb Salad Ingredients

Click here to take the quiz!

General Stats

  • This quiz has been taken 5,526 times
  • The average score is 6 of 12

Answer Stats

Answer% Correct
{Iceberg} Lettuce
86%
{Romaine} Lettuce
81%
Tomato
78%
Roquefort Cheese
72%
Hard-Boiled Eggs
67%
Bacon
62%
Chicken Breast
42%
Avocado
32%
Red-Wine Vinaigrette
25%
Chives
18%
Endives
14%
Watercress
14%

Score Distribution

Percentile by Number Answered

Percent of People with Each Score

Your Score History

You have not taken this quiz